000
00325nam a22001337a 4500
999
_c
13267
_d
13267
020
_a
9781305094147
082
_a
616.89
100
_a
Durand V.Mark & H.Barlow David
245
_a
Essentials of Abnormal Psychology
250
_a
7th Edition
260
_a
Canada
_b
Cengage Learning
_c
2016
300
_a
590 pages
942
_c
BK